Catálogo
 En Linea

Retiro para descubrir con el Señor y la comunidad nuestra historia de salvación personal, familiar y de nuestro pueblo : (Registro nro. 51571)

Detalles MARC
000 -CABECERA
campo de control de longitud fija 00899nam a22002057a 4500
003 - IDENTIFICADOR DEL NÚMERO DE CONTROL
campo de control DO-SdBNP
005 - FECHA Y HORA DE LA ÚLTIMA TRANSACCIÓN
campo de control 20220425112047.0
007 - CAMPO FIJO DE DESCRIPCIÓN FÍSICA--INFORMACIÓN GENERAL
campo de control de longitud fija ta
008 - DATOS DE LONGITUD FIJA--INFORMACIÓN GENERAL
campo de control de longitud fija 110301s2011 dr a 000 0 spa d
040 ## - FUENTE DE LA CATALOGACIÓN
Centro catalogador/agencia de origen DO-SdBNP
Lengua de catalogación spa
Centro/agencia transcriptor BNPHU
082 #4 - NÚMERO DE LA CLASIFICACIÓN DECIMAL DEWEY
Número de clasificación xxx
Número de documento/Ítem xxx
100 1# - ENTRADA PRINCIPAL--NOMBRE DE PERSONA
9 (RLIN) 53018
245 00 - MENCIÓN DE TÍTULO
Título Retiro para descubrir con el Señor y la comunidad nuestra historia de salvación personal, familiar y de nuestro pueblo :
Resto del título conclusión de la primera unidad del discipulado sobre la historia de salvación /
260 ## - PUBLICACIÓN, DISTRIBUCIÓN, ETC.
Lugar de publicación, distribución, etc. Santo Domingo :
Nombre del editor, distribuidor, etc. Plan Nacional de Pastoral,
-- Instituto Nacional de Pastoral
Fecha de publicación, distribución, etc. 2011.
300 ## - DESCRIPCIÓN FÍSICA
Extensión 128 p. :
Otras características físicas il.,
Dimensiones 22 cm.
500 ## - NOTA GENERAL
Nota general Con el apoyo de:<br/>Conferencia del Episcopado Dominicano.<br/>Comisión Nacional de la Misión Continental.<br/>Comisión Nacional de Catequesis.<br/>Instituto Nacional de Pastoral.
590 ## - NOTA LOCAL (RLIN)
Nota local Inventariado, 2022/ YL
910 ## - DATOS DE OPCIÓN DEL USUARIO (OCLC)
Datos de opción del usuario YLockward
942 ## - ELEMENTOS DE PUNTO DE ACCESO ADICIONAL (KOHA)
Fuente del sistema de clasificación o colocación Dewey Decimal Classification
Tipo de ítem Koha Libro
Existencias
Estado de retiro Estado de pérdida Fuente del sistema de clasificación o colocación Restricciones de uso No para préstamo Código de colección Localización permanente Ubicación/localización actual Ubicación en estantería Fecha de adquisición Fuente de adquisición Total de préstamos Signatura topográfica completa Código de barras Fecha visto por última vez Precio válido a partir de Tipo de ítem Koha
    Dewey Decimal Classification Préstamo restringido   Patrimonio Dominicano Biblioteca Nacional Pedro Henríquez Ureña Biblioteca Nacional Pedro Henríquez Ureña En catalogación 19.02.2018 Amigo del Hogar   xxx xxx 2022-1519 25.04.2022 25.04.2022 Libro

Con tecnología Koha